A Lutheran Quiz - Statistics

General Stats
  • This quiz has been taken 38 times
  • The average score is 5 of 15
Answer Stats
Hint Answer % Correct
Lutheranism arose out of what movement, begun in the 1500s, that attempted to reform the Catholic Church? Protestant Reformation
88%
What penalty was inflicted upon Martin Luther for speaking out against the Catholic Church? Excommunication
66%
There are five "Solas" of Protestantism. Which one, which means that salvation is by faith alone, do Lutherans arguably emphasize the most? Sola Fide
50%
In what city did Luther nail a copy of the above to the church's door? Wittenberg, Germany
44%
Lutherans believe in a "single" form of what doctrine, the "double" form of which John Calvin was famous for teaching? Predestination
34%
On what point of doctrine did Luther and the above theologian disagree, resulting in their division? The Lutheran view of this is that Christ's body and blood is present "in, with and under" it. Eucharist
31%
What composer, author of the Brandenburg Concertos, was a devout Lutheran and would sign all his manuscripts with the initials S. D. G., or Soli Deo Gloria ("For the glory of God alone")? Johann Sebastian Bach
31%
What man collaborated with Martin Luther, wrote the Augsburg Confession, the Lutherans' primary confession, and is largely considered the first systematic theologian of the above movement? Philip Melanchthon
28%
With what Swiss theologian did Luther meet at the Marburg Colloquy in 1529, to see if they could unite the two churches that they led? Ulrich Zwingli
28%
The term "Lutheran" was coined by Catholic theologian Johann Eck, after the tradition of calling a heresy after its founder. What did Luther originally call his church? Evangelical
25%
What pope reigned during Luther's time and was the person who formally gave the above punishment to Luther? Leo X
19%
What occurrence, that usually happens to Catholics and involves receiving wounds similar to those of Christ's on the cross, notably occurred to Elsie Nilsson Gjessing, a Swedish-American Lutheran and member of Central Lutheran Church in Minneapolis, Minnesota? Stigmata
19%
What is the more well-known name of Luther's work, Disputation on the Power and Efficacy of Indulgences? Ninety-Five Theses
16%
In 1534, Luther met with Michael the Deacon of which country's Orthodox church, and saw that the two churches had some similar teachings and practices? Ethiopia
13%
What symbol of Lutheranism consists of a white flower, the center of which is a red heart with a black cross, all on a blue background and surrounded by a gold ring? Luther Rose
13%
No matching quizzes found
Score Distribution
Percent of People with Each Score
Percentile by Number Answered
Your Score History
You have not taken this quiz